Normal view
MARC view
Entry Personal Name
001 - CONTROL NUMBER
- control field: 237955
003 - CONTROL NUMBER IDENTIFIER
- control field: OSt
005 - DATE AND TIME OF LATEST TRANSACTION
- control field: 20250830094300.0
008 - FIXED-LENGTH DATA ELEMENTS
- fixed length control field: 250830|| aca||aabn | a|a d
040 ## - CATALOGING SOURCE
- Original cataloging agency: OSt
- Transcribing agency: OSt
100 ## - HEADING--PERSONAL NAME
- Personal name: SIDDALINGA PATTANASHETTI.
- Dates associated with a name: ಸಿದ್ದಲಿಂಗ ಪಟ್ಟಣಶೆಟ್ಟಿ
670 ## - SOURCE DATA FOUND
- Source citation: Work cat.: (OSt)105238: SIDDALINGA PATTANASHETTI. ಸಿದ್ದಲಿಂಗ ಪಟ್ಟಣಶೆಟ್ಟಿ, Rangayana: rangabhumi-nataka-sahitya kuritu vimarsha lekanagalu., 1995